000 01000cam a22003371 4500
001 data
005 20260322212107.0
008 data
035 _a6827513
906 _a7
_bcbc
_coclcrpl
_du
_encip
_f19
_gy-gencatlg
010 _a 12037884
035 _9(DLC) 12037884
035 _a(OCoLC)7371292
040 _aDLC
_cFMU-L
_dDLC
042 _apremarc
050 0 0 _aKD810
_b.R35 1890
100 1 _aRaleigh, Thomas,
_cSir,
_d1850-1920.
245 0 3 _aAn outline of the law of property,
_cby Thomas Raleigh.
260 _aOxford,
_bClarendon Press,
_c1890.
300 _a147 p.
_c22 cm.
336 _atext
_btxt
_2rdacontent
337 _aunmediated
_bn
_2rdamedia
338 _avolume
_bnc
_2rdacarrier
650 0 _aProperty.
650 0 _aReal property.
650 0 _aPersonal property.
985 _eOCLC REPLACEMENT cdsdistr
991 _bc-LL
_hLAW <A & E Treatises Rale>
_tCopy 1
_wOCLCREP
999 _c1589
_d1589